000 00741cam a2200241 a 4500
001 000011191
005 20200929162401.0
008 830705s1983 nyua 001 0 eng
020 _a089004919X
020 _z0890048665
040 _aDO-SdBNP
_bspa
_cBNPHU
041 1 7 _aspa
_heng
082 _a616.12
_bR813c
100 1 _aRosendorff, Clive.
_926748
245 1 0 _aClinical cardiovascular and pulmonary physiology /
_cClive Rosendorff.
260 _aNew York :
_bRaven Press,
_c1983.
300 _aix, 370 p. :
_bil. ;
_c24 cm.
500 _aIncluye índice
650 4 _aSistema cardiovascular
_926749
650 4 _aPulmones
_926750
650 4 _aCorazón
_xEnfermedades
_926751
650 4 _aSistema cardiovascular
_xPhisiología
_926752
999 _c10912
_d10912